ARRUPE JESUIT UNIVERSITY

CORONAVIRUS -STOP THE SPREAD - CLEAN,DISINFECT,COVER

The truthful lie : (Record no. 124858)

MARC details
000 -LEADER
fixed length control field 00884nam a2200289 a 4500
001 - CONTROL NUMBER
control field 397273
003 - CONTROL NUMBER IDENTIFIER
control field ARRUPE
005 - DATE AND TIME OF LATEST TRANSACTION
control field 20160912101726.0
008 - FIXED-LENGTH DATA ELEMENTS--GENERAL INFORMATION
fixed length control field 851018s1985 enk b 001 0 eng d
020 ## - INTERNATIONAL STANDARD BOOK NUMBER
International Standard Book Number 0901241628
020 ## - INTERNATIONAL STANDARD BOOK NUMBER
International Standard Book Number 0901241636 (pbk.)
035 ## - SYSTEM CONTROL NUMBER
System control number (OCoLC)ocm12688438
035 ## - SYSTEM CONTROL NUMBER
System control number (CStRLIN)NYCG85-B99385
040 ## - CATALOGING SOURCE
Original cataloging agency EYW
Transcribing agency EYW
Modifying agency PIT
-- m/c
043 ## - GEOGRAPHIC AREA CODE
Geographic area code fb-----
050 ## - LIBRARY OF CONGRESS CALL NUMBER
Classification number PR9347.J59
300 ## - PHYSICAL DESCRIPTION
Dimensions 23 cm.
100 1# - MAIN ENTRY--PERSONAL NAME
Personal name Jeyifo, Biodun,
Dates associated with a name 1946-
9 (RLIN) 24621
245 14 - TITLE STATEMENT
Title The truthful lie :
Remainder of title essays in a sociology of African drama /
Statement of responsibility, etc Biodun Jeyifo.
260 ## - PUBLICATION, DISTRIBUTION, ETC. (IMPRINT)
Place of publication, distribution, etc London :
Name of publisher, distributor, etc New Beacon Books,
Date of publication, distribution, etc 1985.
300 ## - PHYSICAL DESCRIPTION
Extent 122 p. ;
504 ## - BIBLIOGRAPHY, ETC. NOTE
Bibliography, etc Includes bibliographical references and index.
650 #0 - SUBJECT ADDED ENTRY--TOPICAL TERM
Topical term or geographic name as entry element Theater
Geographic subdivision Africa
9 (RLIN) 24622
650 #0 - SUBJECT ADDED ENTRY--TOPICAL TERM
Topical term or geographic name as entry element African drama (English)
General subdivision History and criticism
9 (RLIN) 24623
650 #0 - SUBJECT ADDED ENTRY--TOPICAL TERM
Topical term or geographic name as entry element Theater
Geographic subdivision Africa
9 (RLIN) 24622
942 ## - ADDED ENTRY ELEMENTS (KOHA)
Source of classification or shelving scheme Library of Congress Classification
Koha item type Monograph ( Printed materials)
Holdings
Withdrawn status Lost status Source of classification or shelving scheme Damaged status Not for loan Collection code Home library Current library Shelving location Date acquired Total Checkouts Full call number Barcode Date last seen Price effective from Koha item type
    Library of Congress Classification     Main Collection ARRUPE LIBRARY ARRUPE LIBRARY Main Collection 04/08/2016   PR9347.J59 46500009395 04/08/2016 04/08/2016 Monograph ( Printed materials)

 

Arrupe Library. PO Box MP320 Mt Pleasant, Harare, Zimbabwe
263 242 745411|librarian@aju.ac.zw